Statistics for NFL Top 100 Players of 2022

Click here to take the quiz!

General Stats

  • This quiz has been taken 25 times
  • The average score is 44 of 100

Answer Stats

RankTeamPositionPlayer% Correct
3GBQBAaron Rodgers
100%
4LARWRCooper Kupp
100%
7GBWRDavante Adams
100%
12TENRBDerrick Henry
100%
13BUFQBJosh Allen
100%
8KCQBPatrick Mahomes
100%
1TBQBTom Brady
100%
10KCTETravis Kelce
100%
2LARDTAaron Donald
96%
9LARCBJalen Ramsey
96%
17MINWRJustin Jefferson
96%
35LACWRKeenan Allen
96%
6PITLBT.J. Watt
96%
15KCWRTyreek Hill
96%
5INDRBJonathan Taylor
91%
36BALQBLamar Jackson
91%
22SFTEGeorge Kittle
87%
21CINQBJoe Burrow
87%
11CLEDEMyles Garrett
87%
39KCDTChris Jones
83%
19SFWRDeebo Samuel
83%
30LACDEJoey Bosa
83%
85NEQBMac Jones
83%
27LARQBMatthew Stafford
83%
26BUFWRStefon Diggs
83%
23DALCBTrevon Diggs
83%
62ARILBChandler Jones
78%
24CINWRJa'Marr Chase
78%
16DALLBMicah Parsons
78%
25SFDENick Bosa
78%
33CLERBNick Chubb
78%
14SFOTTrent Williams
78%
31MINRBDalvin Cook
74%
37ARIWRDeAndre Hopkins
74%
40LACQBJustin Herbert
74%
53TBWRMike Evans
74%
32BALTEMark Andrews
70%
51NORBAlvin Kamara
65%
44DALQBDak Prescott
65%
38CINRBJoe Mixon
65%
57ARIQBKyler Murray
65%
29SEALBBobby Wagner
61%
65LVQBDerek Carr
61%
94BALKJustin Tucker
57%
28INDGQuenton Nelson
57%
61SEAQBRussell Wilson
57%
99MINQBKirk Cousins
52%
90CLE/LARWROdell Beckham Jr.
48%
69NODECameron Jordan
39%
58LVTEDarren Waller
39%
47SFLBFred Warner
39%
93DEN/LARLBVon Miller
39%
95DALWRCeeDee Lamb
35%
98CHIRBDavid Montgomery
30%
56MIACBXavien Howard
30%
63MIAWRJaylen Waddle
26%
43LACSDerwin James
22%
74NOLBDemario Davis
17%
80ARIRBJames Conner
17%
46LACRBAustin Ekeler
13%
67ARISBudda Baker
13%
49GBLBDe'Vondre Campbell
13%
45BUFSJordan Poyer
13%
91ATLTEKyle Pitts
13%
71PHICJason Kelce
9%
18INDLBShaquille Leonard
9%
41TBOTTristan Wirfs
9%
68DALGZack Martin
9%
42PITDTCameron Heyward
4%
73ATLRBCordarrelle Patterson
4%
66INDDTDeForest Buckner
4%
64TBLBDevin White
4%
20NECBJ.C. Jackson
4%
82INDCBKenny Moore
4%
100SFFBKyle Juszczyk
4%
89NOCBMarshon Lattimore
4%
52NELBMatthew Judon
4%
59LVDEMaxx Crosby
4%
50BUFSMicah Hyde
4%
72SEASQuandre Diggs
4%
48CHIDERobert Quinn
4%
84CHILBRoquan Smith
4%
70KCSTyrann Mathieu
4%
75TBSAntoine Winfield Jr.
0%
76CARDEBrian Burns
0%
60LACCCorey Linsley
0%
77PHICBDarius Slay
0%
87CLECBDenzel Ward
0%
54TENDTJeffery Simmons
0%
96SFSJimmie Ward
0%
55CLEGJoel Bitonio
0%
88WASDTJonathan Allen
0%
81DENSJustin Simmons
0%
34TENSKevin Byard
0%
97NYGDTLeonard Williams
0%
79LACOTRashawn Slater
0%
86TBLBShaquil Barrett
0%
78CINDETrey Hendrickson
0%
92DALOTTyron Smith
0%
83CLEGWyatt Teller
0%

Score Distribution

Percentile by Number Answered

Percent of People with Each Score

Your Score History

You have not taken this quiz